000
00243nam a2200097Ia 4500
001
691142
005
20250826161829.0
008
250824s9999 xx 000 0 und d
245
0
_a
SATRANÇ OYNAYAN DERVİŞ
_c
ALİ URAL
260
_b
ŞULE YAYINLARI
999
_c
691142
_d
691142